| 000 -CABECERA |
| Longitud fija campo de control |
00782cas a22001817a 4500 |
| 003 - IDENTIFICADOR DEL NÚMERO DE CONTROL |
| Identificador del número de control |
OSt |
| 005 - FECHA Y HORA DE LA ÚLTIMA TRANSACCIÓN |
| Fecha y hora de la última transacción |
20240201181027.0 |
| 008 - CÓDIGOS DE INFORMACIÓN DE LONGITUD FIJA |
| Códigos de información de longitud fija |
170131s2000 sp |||||o 000 ||spa|d |
| 040 ## - FUENTE DE LA CATALOGACIÓN |
| Lengua de catalogación |
cat |
| Centro transcriptor |
CDMR |
| 110 ## - PUNTO DE ACCESO PRINCIPAL-NOMBRE DE ENTIDAD CORPORATIVA |
| 9 (RLIN) |
4923 |
| Nombre de entidad corporativa o nombre de jurisdicción como elemento inicial |
Spain Film Commission |
| 245 10 - MENCIÓN DE TÍTULO |
| Título |
Sostenibilidad de la industria audiovisual [recurs electrònic] |
| Mención de responsabilidad, etc. |
/ Spain Film Commision, REDCAU (Red de Clústers Audiovisuales de España), CENER (Centro Nacional de Energías Renovables) |
| 260 ## - PUBLICACIÓN, DISTRIBUCIÓN, ETC. (PIE DE IMPRENTA) |
| Lugar de publicación, distribución, etc. |
Madrid : |
| Nombre del editor, distribuidor, etc. |
Spain Film Commission, |
| Fecha de publicación, distribución, etc. |
2023 |
| 300 ## - DESCRIPCIÓN FÍSICA |
| Extensión |
1 PDF (111 pàgines) |
| 650 #0 - PUNTO DE ACCESO ADICIONAL DE MATERIA - TÉRMINO DE MATERIA |
| Término de materia o nombre geográfico como elemento inicial |
Indústria audiovisual |
| Subdivisión geográfica |
Espanya |
| Subdivisión de materia general |
Política ambiental |
| 9 (RLIN) |
3092 |
| 710 ## - PUNTO DE ACCESO ADICIONAL - NOMBRE DE ENTIDAD |
| Nombre de entidad o nombre de jurisdicción como elemento inicial |
Red de Clústers Audiovisuales de España (REDCAU) |
| 9 (RLIN) |
4924 |
| 856 ## - LOCALIZACIÓN Y ACCESO ELECTRÓNICO |
| Identificador Uniforme del Recurso (URI) |
<a href="https://www.calameo.com/read/00738301587352ab1d32a">https://www.calameo.com/read/00738301587352ab1d32a</a> |
| Nota pública |
Accés en línia |
| 942 ## - ENTRADA DE ELEMENTOS AGREGADOS (KOHA) |
| Koha [por defecto] tipo de item |
Llibres electrònics |
| Fuente de clasificaión o esquema |
|